000 00947nam a2200241 a 4500
001 40638
003 BD-RjUL
005 20211209053246.0
008 160507s2013 bg ||||| |||| 00| 0 ben d
020 _a9789843372499
_c: Tk.160.00
035 _a(BD-RjUL)40753
040 _aBD-RjUL
_bben
_cBD-RjUL
041 _aben
082 _223
_a297.12267
_bISA 2013
100 _aইসলাম, মো. নূরুল
_9124832
245 1 0 _aআল্লাহর গযব যুগে যুগে পরিত্রানের উপায় /
_cমো. নূরুল ইসলাম
260 _aঢাকা :
_bমিসেস ছালেহা বেগম,
_c২০১৩
300 _a১৫৬ পৃ. ;
_c২১ সেমি.
504 _aগ্রন্থপঞ্জি
650 _aইসলাম
_vঐতিহাসিক সমালোচনা
_9125048
650 _aIslam
_vhistorical Criticism
_9125049
942 _2ddc
_cBK
999 _c40638
_d40638